Countries that do not Border Landlocked Countries - Statistics

General Stats
  • This quiz has been taken 364 times
    363 since last reset
  • The average score is 55 of 68
Answer Stats
Country % Correct
Canada
94%
United States
93%
Finland
92%
Sweden
92%
Indonesia
91%
Mexico
91%
Norway
91%
Oman
91%
United Kingdom
91%
Yemen
91%
Denmark
90%
Ireland
90%
Portugal
90%
South Korea
90%
Honduras
89%
North Korea
89%
Panama
89%
Costa Rica
88%
Dominican Republic
88%
Guyana
88%
Haiti
88%
Malaysia
88%
Suriname
88%
Colombia
87%
El Salvador
87%
Guatemala
87%
Israel
87%
Nicaragua
87%
Belize
86%
Ecuador
86%
Papua New Guinea
86%
United Arab Emirates
86%
Venezuela
86%
Estonia
85%
Gambia
84%
Lebanon
84%
Qatar
84%
Saudi Arabia
84%
Brunei
83%
Jordan
83%
Kuwait
83%
Syria
83%
Uruguay
83%
East Timor
81%
Egypt
81%
Iraq
81%
Bangladesh
79%
Equatorial Guinea
75%
Guinea-Bissau
75%
Morocco
75%
Tunisia
75%
Vatican City
75%
San Marino
74%
Monaco
73%
Netherlands
73%
Andorra
72%
Lesotho
71%
Liberia
71%
Sierra Leone
69%
Eswatini
67%
Gabon
67%
Laos
63%
Nepal
63%
Bhutan
62%
Luxembourg
61%
Mongolia
61%
Moldova
54%
Belarus
47%
No matching quizzes found
Score Distribution
Percent of People with Each Score
Percentile by Number Answered
Your Score History
You have not taken this quiz since the last reset